00590 2200205 4500001002100000005001700021008004100038020001800079035002400097082001000121090002200131100002600153245006000179250001100239260003100250300002500281650003300306700002500339999002000364YOGYA-0311000000025220110317131450.0 ind  a979-672-649-1 0010-031100000000252 a248.4 a248.4bBre BlDEP aBREEMEN, Peter G. Van aBiarlah kemuliaan Allah terpancarbPeter G. Van Breemen aCet. 1 aYogyakartabKanisiusc2000 a246 hlmbilusc21 cm aKehidupan beragama (Kristen) aKeradee, Rm. Bernard aCB-D.11 2000-18